Service business development Strategies for value creation in manufacturing firms
Uloženo v:
| Hlavní autor: | |
|---|---|
| Médium: | Kniha |
| Jazyk: | angličtina |
| Vydáno: |
Cambridge university press
2012
|
| Tagy: |
Přidat tag
Žádné tagy, Buďte první, kdo vytvoří štítek k tomuto záznamu!
|
MARC
| LEADER | 00000nam a22000007a 4500 | ||
|---|---|---|---|
| 008 | 210712b ||||| |||| 00| 0 eng d | ||
| 020 | |a 9781107022454 | ||
| 100 | |a Fischer Thomas | ||
| 245 | |a Service business development |b Strategies for value creation in manufacturing firms |c Thomas Fischer-{et...al} |g xiii,298p | ||
| 260 | |b Cambridge university press |c 2012 |h New York |i 696449 |i 696450 |l HD 9720.5.F52 |m Manufacturing industries- Management |m Service industries |m Customer services | ||
| 500 | |a It includes bibliographic references and index | ||
| 942 | |a lcc |c BK |e Olagoke, M.A |f 12/07/2021 | ||
| 952 | |0 0 |1 0 |2 lcc |4 0 |7 0 |9 2753 |a HOL |b SSL |c GJ |d 2021-07-12 |o HD9720.5.F52 |p 2021-6602 |r 2021-07-12 00:00:00 |w 2021-07-12 |y BK | ||
| 952 | |0 0 |1 0 |2 lcc |4 0 |7 0 |9 2754 |a HOL |b HOL |c GJ |d 2021-07-12 |o HD9720.5.F52 |p 2021-6603 |r 2021-07-12 00:00:00 |w 2021-07-12 |y BK | ||
| 999 | |c 1435 |d 1435 | ||